Újszülöttek rutin szülőszobai ellátása, családbarát-ellátás szempontjai, korai hazaadás

Elmentve itt :
Bibliográfiai részletek
Szerzők: Orvos Hajnalka
Gyurkovits Zita
Bakki Judit
Szabó Miklós
Dokumentumtípus: Cikk
Megjelent: 2022
Sorozat:MAGYAR NŐORVOSOK LAPJA 85 No. 3
Tárgyszavak:
mtmt:33113379
Online Access:http://publicatio.bibl.u-szeged.hu/25639
LEADER 00796nab a2200229 i 4500
001 publ25639
005 20221124145307.0
008 221124s2022 hu o 0|| Magyar d
022 |a 0025-021X 
024 7 |a 33113379  |2 mtmt 
040 |a SZTE Publicatio Repozitórium  |b hun 
041 |a Magyar 
100 1 |a Orvos Hajnalka 
245 1 0 |a Újszülöttek rutin szülőszobai ellátása, családbarát-ellátás szempontjai, korai hazaadás  |h [elektronikus dokumentum] /  |c  Orvos Hajnalka 
260 |c 2022 
300 |a 108-111 
490 0 |a MAGYAR NŐORVOSOK LAPJA  |v 85 No. 3 
650 4 |a Klinikai orvostan 
700 0 1 |a Gyurkovits Zita  |e aut 
700 0 1 |a Bakki Judit  |e aut 
700 0 1 |a Szabó Miklós  |e aut 
856 4 0 |u http://publicatio.bibl.u-szeged.hu/25639/1/MNL_2022_03_OrvosH.pdf  |z Dokumentum-elérés